<?xml version="1.0" encoding="UTF-8"?>
<record
    xmlns:xsi="http://www.w3.org/2001/XMLSchema-instance"
    xsi:schemaLocation="http://www.loc.gov/MARC21/slim http://www.loc.gov/standards/marcxml/schema/MARC21slim.xsd"
    xmlns="http://www.loc.gov/MARC21/slim">

  <leader>02330nam0a22003611  4500</leader>
  <controlfield tag="001">rc\1019619</controlfield>
  <controlfield tag="005">20250622081350.0</controlfield>
  <datafield tag="035" ind1=" " ind2=" ">
    <subfield code="a">(NLR Aleph) 006184436</subfield>
  </datafield>
  <datafield tag="090" ind1=" " ind2=" ">
    <subfield code="a">6100196</subfield>
    <subfield code="c">6100196</subfield>
  </datafield>
  <datafield tag="100" ind1=" " ind2=" ">
    <subfield code="a">20041129d1981    |||y0rusy50      ca</subfield>
  </datafield>
  <datafield tag="101" ind1="0" ind2=" ">
    <subfield code="a">rus</subfield>
  </datafield>
  <datafield tag="102" ind1=" " ind2=" ">
    <subfield code="a">RU</subfield>
  </datafield>
  <datafield tag="105" ind1=" " ind2=" ">
    <subfield code="a">y   |||||||||</subfield>
  </datafield>
  <datafield tag="200" ind1="1" ind2=" ">
    <subfield code="a">&#x41F;&#x43E;&#x43B;&#x44F; &#x438; &#x440;&#x43E;&#x449;&#x438; &#x432; &#x43F;&#x430;&#x441;&#x43C;&#x443;&#x440;&#x43D;&#x44B;&#x439; &#x434;&#x435;&#x43D;&#x44C;</subfield>
    <subfield code="e">&#x41F;&#x43E;&#x432;&#x435;&#x441;&#x442;&#x438; &#x438; &#x440;&#x430;&#x441;&#x441;&#x43A;&#x430;&#x437;&#x44B;</subfield>
    <subfield code="f">&#x420;&#x43E;&#x43C;&#x443;&#x430;&#x43B;&#x44C;&#x434; &#x41C;&#x438;&#x43D;&#x43D;&#x430;</subfield>
    <subfield code="g">[&#x412;&#x441;&#x442;&#x443;&#x43F;. &#x441;&#x442;&#x430;&#x442;&#x44C;&#x44F; &#x412;. &#x41E;&#x441;&#x43A;&#x43E;&#x446;&#x43A;&#x43E;&#x433;&#x43E;]</subfield>
  </datafield>
  <datafield tag="210" ind1=" " ind2=" ">
    <subfield code="a">&#x41C;.</subfield>
    <subfield code="c">&#x421;&#x43E;&#x432;&#x440;&#x435;&#x43C;&#x435;&#x43D;&#x43D;&#x438;&#x43A;</subfield>
    <subfield code="d">1981</subfield>
  </datafield>
  <datafield tag="215" ind1=" " ind2=" ">
    <subfield code="a">271 &#x441;.</subfield>
    <subfield code="d">21</subfield>
  </datafield>
  <datafield tag="225" ind1="1" ind2=" ">
    <subfield code="a">&#x41D;&#x43E;&#x432;&#x438;&#x43D;&#x43A;&#x438; "&#x421;&#x43E;&#x432;&#x440;&#x435;&#x43C;&#x435;&#x43D;&#x43D;&#x438;&#x43A;&#x430;"</subfield>
  </datafield>
  <datafield tag="327" ind1="1" ind2=" ">
    <subfield code="a">&#x421;&#x43E;&#x434;&#x435;&#x440;&#x436;.: &#x41F;&#x43E;&#x432;&#x435;&#x441;&#x442;&#x438;: &#x424;&#x440;&#x430;&#x433;&#x43C;&#x435;&#x43D;&#x442;&#x430;&#x440;&#x43D;&#x43E;&#x435; &#x436;&#x438;&#x437;&#x43D;&#x435;&#x43E;&#x43F;&#x438;&#x441;&#x430;&#x43D;&#x438;&#x435; &#x419;&#x43E;&#x43E;&#x437;&#x435;&#x43F;&#x430; &#x41C;&#x435;&#x43B;&#x44C;&#x434;&#x435;&#x440;&#x430; &#x432; &#x433;&#x43E;&#x434;&#x44B; &#x432;&#x43E;&#x439;&#x43D;&#x44B; &#x438; &#x432; &#x43C;&#x438;&#x440;&#x43D;&#x43E;&#x435; &#x432;&#x440;&#x435;&#x43C;&#x44F;; &#x421;&#x43E;&#x43B;&#x434;&#x430;&#x442; &#x43F;&#x440;&#x438;&#x437;&#x44B;&#x432;&#x430; &#x43A;&#x43E;&#x43D;&#x446;&#x430; &#x441;&#x43E;&#x440;&#x43E;&#x43A; &#x442;&#x440;&#x435;&#x442;&#x44C;&#x435;&#x433;&#x43E; &#x433;&#x43E;&#x434;&#x430;; &#x420;&#x430;&#x441;&#x441;&#x43A;&#x430;&#x437;&#x44B;: &#x41F;&#x43E;&#x43B;&#x44F; &#x438; &#x440;&#x43E;&#x449;&#x438; &#x432; &#x43F;&#x430;&#x441;&#x43C;&#x443;&#x440;&#x43D;&#x44B;&#x439; &#x434;&#x435;&#x43D;&#x44C;; &#x410;&#x440;&#x445;&#x435;&#x43E;&#x43B;&#x43E;&#x433;; &#x41F;&#x43E;&#x441;&#x43B;&#x435;&#x43F;&#x43E;&#x43B;&#x443;&#x434;&#x435;&#x43D;&#x43D;&#x43E;&#x435; &#x441;&#x43E;&#x43B;&#x43D;&#x446;&#x435;; &#x412;&#x438;&#x43F;&#x443;&#x43D;&#x435;&#x43D;&#x44B;; &#x41D;&#x430; &#x43E;&#x437;&#x435;&#x440;&#x435;; &#x41E;&#x434;&#x438;&#x43D; &#x434;&#x435;&#x43D;&#x44C; &#x438;&#x437; &#x436;&#x438;&#x437;&#x43D;&#x438;; "&#x429;&#x435;&#x43F;&#x43A;&#x438;"</subfield>
  </datafield>
  <datafield tag="464" ind1=" " ind2="0">
    <subfield code="1">2001#$a&#x424;&#x440;&#x430;&#x433;&#x43C;&#x435;&#x43D;&#x442;&#x430;&#x440;&#x43D;&#x43E;&#x435; &#x436;&#x438;&#x437;&#x43D;&#x435;&#x43E;&#x43F;&#x438;&#x441;&#x430;&#x43D;&#x438;&#x435; &#x419;&#x43E;&#x43E;&#x437;&#x435;&#x43F;&#x430; &#x41C;&#x435;&#x43B;&#x44C;&#x434;&#x435;&#x440;&#x430; &#x432; &#x433;&#x43E;&#x434;&#x44B; &#x432;&#x43E;&#x439;&#x43D;&#x44B; &#x438; &#x432; &#x43C;&#x438;&#x440;&#x43D;&#x43E;&#x435; &#x432;&#x440;&#x435;&#x43C;&#x44F;</subfield>
    <subfield code="t">&#x424;&#x440;&#x430;&#x433;&#x43C;&#x435;&#x43D;&#x442;&#x430;&#x440;&#x43D;&#x43E;&#x435; &#x436;&#x438;&#x437;&#x43D;&#x435;&#x43E;&#x43F;&#x438;&#x441;&#x430;&#x43D;&#x438;&#x435; &#x419;&#x43E;&#x43E;&#x437;&#x435;&#x43F;&#x430; &#x41C;&#x435;&#x43B;&#x44C;&#x434;&#x435;&#x440;&#x430; &#x432; &#x433;&#x43E;&#x434;&#x44B; &#x432;&#x43E;&#x439;&#x43D;&#x44B; &#x438; &#x432; &#x43C;&#x438;&#x440;&#x43D;&#x43E;&#x435; &#x432;&#x440;&#x435;&#x43C;&#x44F;</subfield>
  </datafield>
  <datafield tag="464" ind1=" " ind2="0">
    <subfield code="1">2001#$a&#x421;&#x43E;&#x43B;&#x434;&#x430;&#x442; &#x43F;&#x440;&#x438;&#x437;&#x44B;&#x432;&#x430; &#x43A;&#x43E;&#x43D;&#x446;&#x430; &#x441;&#x43E;&#x440;&#x43E;&#x43A; &#x442;&#x440;&#x435;&#x442;&#x44C;&#x435;&#x433;&#x43E; &#x433;&#x43E;&#x434;&#x430;</subfield>
    <subfield code="t">&#x421;&#x43E;&#x43B;&#x434;&#x430;&#x442; &#x43F;&#x440;&#x438;&#x437;&#x44B;&#x432;&#x430; &#x43A;&#x43E;&#x43D;&#x446;&#x430; &#x441;&#x43E;&#x440;&#x43E;&#x43A; &#x442;&#x440;&#x435;&#x442;&#x44C;&#x435;&#x433;&#x43E; &#x433;&#x43E;&#x434;&#x430;</subfield>
  </datafield>
  <datafield tag="464" ind1=" " ind2="0">
    <subfield code="1">2001#$a&#x41F;&#x43E;&#x43B;&#x44F; &#x438; &#x440;&#x43E;&#x449;&#x438; &#x432; &#x43F;&#x430;&#x441;&#x43C;&#x443;&#x440;&#x43D;&#x44B;&#x439; &#x434;&#x435;&#x43D;&#x44C;</subfield>
    <subfield code="t">&#x41F;&#x43E;&#x43B;&#x44F; &#x438; &#x440;&#x43E;&#x449;&#x438; &#x432; &#x43F;&#x430;&#x441;&#x43C;&#x443;&#x440;&#x43D;&#x44B;&#x439; &#x434;&#x435;&#x43D;&#x44C;</subfield>
  </datafield>
  <datafield tag="464" ind1=" " ind2="0">
    <subfield code="1">2001#$a&#x410;&#x440;&#x445;&#x435;&#x43E;&#x43B;&#x43E;&#x433;</subfield>
    <subfield code="t">&#x410;&#x440;&#x445;&#x435;&#x43E;&#x43B;&#x43E;&#x433;</subfield>
  </datafield>
  <datafield tag="464" ind1=" " ind2="0">
    <subfield code="1">2001#$a&#x41F;&#x43E;&#x441;&#x43B;&#x435;&#x43F;&#x43E;&#x43B;&#x443;&#x434;&#x435;&#x43D;&#x43D;&#x43E;&#x435; &#x441;&#x43E;&#x43B;&#x43D;&#x446;&#x435;</subfield>
    <subfield code="t">&#x41F;&#x43E;&#x441;&#x43B;&#x435;&#x43F;&#x43E;&#x43B;&#x443;&#x434;&#x435;&#x43D;&#x43D;&#x43E;&#x435; &#x441;&#x43E;&#x43B;&#x43D;&#x446;&#x435;</subfield>
  </datafield>
  <datafield tag="464" ind1=" " ind2="0">
    <subfield code="1">2001#$a&#x412;&#x438;&#x43F;&#x443;&#x43D;&#x435;&#x43D;&#x44B;</subfield>
    <subfield code="t">&#x412;&#x438;&#x43F;&#x443;&#x43D;&#x435;&#x43D;&#x44B;</subfield>
  </datafield>
  <datafield tag="464" ind1=" " ind2="0">
    <subfield code="1">2001#$a&#x41D;&#x430; &#x43E;&#x437;&#x435;&#x440;&#x435;</subfield>
    <subfield code="t">&#x41D;&#x430; &#x43E;&#x437;&#x435;&#x440;&#x435;</subfield>
  </datafield>
  <datafield tag="464" ind1=" " ind2="0">
    <subfield code="1">2001#$a&#x41E;&#x434;&#x438;&#x43D; &#x434;&#x435;&#x43D;&#x44C; &#x438;&#x437; &#x436;&#x438;&#x437;&#x43D;&#x438;</subfield>
    <subfield code="t">&#x41E;&#x434;&#x438;&#x43D; &#x434;&#x435;&#x43D;&#x44C; &#x438;&#x437; &#x436;&#x438;&#x437;&#x43D;&#x438;</subfield>
  </datafield>
  <datafield tag="464" ind1=" " ind2="0">
    <subfield code="1">2001#$a&#x88;"&#x89;&#x429;&#x435;&#x43F;&#x43A;&#x438;"</subfield>
    <subfield code="t">&#x88;"&#x89;&#x429;&#x435;&#x43F;&#x43A;&#x438;"</subfield>
  </datafield>
  <datafield tag="700" ind1=" " ind2="1">
    <subfield code="a">&#x41C;&#x438;&#x43D;&#x43D;&#x430;</subfield>
    <subfield code="b">&#x420;.&#x420;.</subfield>
    <subfield code="f">1926-</subfield>
    <subfield code="g">&#x420;&#x43E;&#x43C;&#x443;&#x430;&#x43B;&#x44C;&#x434; &#x420;&#x438;&#x445;&#x430;&#x440;&#x434;&#x43E;&#x432;&#x438;&#x447;</subfield>
  </datafield>
  <datafield tag="801" ind1=" " ind2="0">
    <subfield code="a">RU</subfield>
    <subfield code="b">NLR</subfield>
    <subfield code="g">psbo</subfield>
  </datafield>
  <datafield tag="801" ind1=" " ind2="1">
    <subfield code="a">RU</subfield>
    <subfield code="b">ELAR</subfield>
    <subfield code="2">rusmarc</subfield>
  </datafield>
  <datafield tag="852" ind1=" " ind2=" ">
    <subfield code="a">NLR</subfield>
    <subfield code="j">82-3/143</subfield>
  </datafield>
  <datafield tag="942" ind1=" " ind2=" ">
    <subfield code="c">BOOK</subfield>
  </datafield>
  <datafield tag="980" ind1=" " ind2=" ">
    <subfield code="a">NB</subfield>
  </datafield>
  <datafield tag="995" ind1=" " ind2=" ">
    <subfield code="5">2013-10-26</subfield>
    <subfield code="b">NLR01</subfield>
    <subfield code="c">NLR01</subfield>
    <subfield code="e">RF9</subfield>
    <subfield code="f">6184436-10</subfield>
    <subfield code="k">82-3/143</subfield>
    <subfield code="o">0</subfield>
    <subfield code="r">BOOK</subfield>
    <subfield code="s">823143_</subfield>
  </datafield>
</record>
